000
00279nam a2200109Ia 4500
008
200302s9999 xx 000 0 und d
100
_a
Chung
245
_a
Landscape architecture sanitas studio house landscape vol 67
260
_b
A B C Publishing
260
_c
2012
300
_a
183
999
_c
6352
_d
6352